header

Advertising and identity in Europe (Record no. 22629)

MARC details
000 -LEADER
fixed length control field 01348nam a2200337Ia 4500
245 00 - TITLE STATEMENT
Title Advertising and identity in Europe
260 ## - PUBLICATION, DISTRIBUTION, ETC. (IMPRINT)
Place of publication Bristol ;
-- Portland, OR :
Name of publisher Intellect,
Year of publication 2000.
300 ## - PHYSICAL DESCRIPTION
Number of Pages v, 138 p. :
Other physical details ill.
650 #0 - SUBJECT ADDED ENTRY--TOPICAL TERM
Topical Term Advertising
Topical Term Identity (Psychology)
700 1# - ADDED ENTRY--PERSONAL NAME
Personal name Cannon, Jackie.
Personal name Baubeta, Patricia Anne Odber de,
Personal name Warner, Ian Robin,
856 40 - ELECTRONIC LOCATION AND ACCESS
Uniform Resource Identifier http://site.ebrary.com/lib/rucke/Doc?id=10023464

No items available.

© 2026 Rongo University
Contact us: librarian | system librarian | Rongo university